ARRUPE JESUIT UNIVERSITY

CORONAVIRUS -STOP THE SPREAD - CLEAN,DISINFECT,COVER
Normal view MARC view

Entry Personal Name

Number of records used in: 1

001 - CONTROL NUMBER

  • control field: 20164

003 - CONTROL NUMBER IDENTIFIER

  • control field: ARRUPE

005 - DATE AND TIME OF LATEST TRANSACTION

  • control field: 20151008122517.0

008 - FIXED-LENGTH DATA ELEMENTS

  • fixed length control field: 151008|| aca||aabn | a|a d

040 ## - CATALOGING SOURCE

  • Original cataloging agency: ARRUPE
  • Transcribing agency: ARRUPE

100 ## - HEADING--PERSONAL NAME

  • Personal name: Bescherelle,
  • Titles and other words associated with a name: M.
  • Fuller form of name: (Louis Nicolas),
  • Dates associated with a name: 1802-1883.
  • Title of a work: Art de conjuguer.

670 ## - SOURCE DATA FOUND

  • Source citation: Work cat.: (ARRUPE)0: Didier Hatier 20161, L'Art de conjuguer :, c1980.

 

Arrupe Library. PO Box MP320 Mt Pleasant, Harare, Zimbabwe
263 242 745411|librarian@aju.ac.zw